000 00653nam1a22002171i 4500
001 rc\2655110
005 20260406073010.0
035 _a(NLR Aleph) 006962410
090 _a5357788
_c5357788
100 _a20110614g19281930|||y0rusy50 ca
101 0 _arus
102 _aRU
105 _ay z |||||
200 1 _aСобрание сочинений
210 _a[Харьков]
_cПролетарий
_d[1928]-1930
215 _d21 см
700 1 _8rus
_7ca
_aЛавренев
_bБ. А.
_gБорис Андреевич
_f1891-1959
_3RU\NLR\AUTH\7731140
_914151
801 0 _aRU
_bNLR
_gpsbo
801 1 _aRU
_bELAR
_2rusmarc
852 _aNLR
_j57/1(1)
942 _cBOOK